| 000 | 01314 a2200253 4500 | ||
|---|---|---|---|
| 020 | _a0471805300 | ||
| 020 | _a9780471805304 | ||
| 090 |
_c441 _d441 |
||
| 100 | 1 | _aHoel, Paul G. | |
| 245 | 1 | 0 |
_aIntroduction to mathematical statistics / _cPaul G. Hoel. |
| 250 | _a2nd ed. | ||
| 260 |
_a[S.l.] : _bJohn Wiley and Sons (WIE), _c1985. |
||
| 300 |
_a446 p. ; _c22 cm. |
||
| 490 | 1 | _aWiley series in probability & mathematical statistics: probability & mathematical statistics section. | |
| 500 | _aPaperback. | ||
| 520 | _aPresents both theoretical and applied material with numerous problem sets to illustrate important concepts. The book offers up-to-date coverage of the use of computers and calculators to facilitate problem solving as well as numerous applications to illustrate basic theory. | ||
| 650 | 4 | _aScience & Mathematics: Textbooks & Study Guides. | |
| 650 | 4 | _aProbability & statistics. | |
| 650 | 4 | _aMathematics / Probability & Statistics / General. | |
| 830 | 0 | _aWiley series in probability & mathematical statistics: probability & mathematical statistics section. | |
| 856 | 4 | 0 |
_3Amazon.com _uhttp://www.amazon.com/exec/obidos/ASIN/0471805300/chopaconline-20 |
| 856 | 4 | 0 |
_3Amazon customer reviews _uhttp://www.chopac.org/cgi-bin/tools/azrev.pl?q=0471805300 |
| 942 |
_aNBS _cBK _k519.5 HOE |
||
| 999 |
_c343001 _d343001 |
||